000 00805cam a2200205 4500
001 WS118931
008 020719n 000 0 eng u
035 _a(Sirsi) u118931
110 _aMobile Telecommunications and Health Research Programme
_94292
245 _aMobile Telecommunications and Health Research Programme (MTHR)
520 _aWeb site for this research programme set up following the Stewart Report into mobile phones and health. Gives details of research and terms of reference.
650 _aRESEARCH
650 _aSTEWART REPORT
650 _aHEALTH AND SAFETY
_96244
650 _aMOBILE PHONES
650 _aTELECOMMUNICATIONS
690 _aTRANSPORT AND COMMUNICATIONS
856 4 0 _uhttps://www.mthr.org.uk
_zView the website free of charge at www.mthr.org.uk...
942 _n0
999 _c120115
_d120115